| 000 | 00478nam a2200181 a 4500 | ||
|---|---|---|---|
| 001 | 1784 | ||
| 003 | CDMR | ||
| 005 | 20131022140452.0 | ||
| 008 | 130130s1983||||||||||||||||||||||||||||d | ||
| 040 |
_aCDMR _bcat _cCDMR |
||
| 100 | 1 |
_aAllemand, Etienne _91339 |
|
| 245 | 1 | 0 | _aL' information scientifique a la télévision |
| 260 |
_aParis _c1983 _bAnthropos |
||
| 300 | _a219 p. | ||
| 650 | 0 | 4 |
_92804 _aPeriodisme científic |
| 650 | 0 | 4 |
_93122 _aTelevisió _xProgrames |
| 942 |
_cMON _2udc |
||
| 999 |
_c1784 _d1784 |
||